| 000 | 00650nam a2200193 i 4500 | ||
|---|---|---|---|
| 001 | 185721 | ||
| 003 | ES-MaACL | ||
| 005 | 20230906222513.0 | ||
| 008 | 160804s1866 ger |||| | eng d | ||
| 100 | 1 |
_aLawrence, George Alfred. _9160321 |
|
| 245 | 1 | 0 |
_aSans Merci : _bor Kestrels and Falcons / _cby the author of "Guy Livingstone" [George Alfred Lawrence]. |
| 260 |
_aLeipzig : _bBernhard Tauchnitz, _c[1866] |
||
| 300 |
_a1 vol. ; _c16 cm. |
||
| 490 | 1 |
_aCollection of British Authors ; _v825-6 |
|
| 597 | _a2 t. en 1 vol. | ||
| 830 | 0 |
_aCollection of British Authors ; _v825-6 _9180703 |
|
| 852 |
_aES-MaACL _jG-13109 |
||
| 999 |
_c185721 _d185721 |
||